000 00691nam a2200193 a 4500
001 000049171
005 20240314123013.0
008 190725s2011 dr 000 0 spa d
020 _a9789945460964
040 _aDO-SdBNP
_bspa
_cBNPHU
082 _axx
_bxx
100 _aLuciano, Margarita
_929227
245 1 0 _aPor los caminos del monte /
_cMargarita Luciano ; ilustración Julio César Martínez.
260 _aSanto Domingo, República Dominicana :
_bEditorial Santuario,
_c2011.
300 _a137 p. :
_bil., ;
_c24 cm.
500 _aIncluye datos biográfiocos del autor en la solapa de la cubierta
590 _aInventariado, 2019/VM
700 1 _aCésar Martínez, Julio
_eils.
_976498
999 _c48659
_d48659